Foro permanente de análisis sobre derecho parlamentario costarricense/ Asamblea Legislativa

Guardado en:
Bibliografiske detaljer
Format: Bog
Sprog:Spanish
Tags: Tilføj Tag
Ingen Tags, Vær først til at tagge denne postø!

MARC

LEADER 00000nam a22000007a 4500
003 cru CIDCACS/IIS
005 20170524111755.0
007 ta
008 170524s2008 cr ||||| |||| 00| 0 spa d
040 |c cru CIDCACS/IIS 
245 0 |a Foro permanente de análisis sobre derecho parlamentario costarricense/  |b Asamblea Legislativa 
300 |a 416 páginas  
500 |a Título (tema) de la revista 
773 0 |0 19367  |9 906  |a Costa Rica.  |d San José, Costa Rica: Asamblea Legislativa, 1986-  |o 06332  |t Revista Parlamentaria  |x 1409007 
942 |2 ddc  |c PP 
999 |c 19371  |d 19371